000 04708nab a2200385 i 4500
003 BR-BrBNA
005 20250902193132.0
008 250902b2022 bl.mr|pooa||| 00| 0 eng |
040 _aBR-BrBNA
_beng
072 _aF06
_b1123
072 _aF02
072 _aF60
100 _aSouto, Antônio G. de L.
100 _aCavalcante, Lourival F.
100 _aMelo, Edinete N. de
100 _aCavalcante, Ítalo H. L.
100 _aOliveira, Carlos J. A.
100 _aSilva, Roberto Í. L. da
100 _aMesquita, Evandro F. de
100 _aMendonça, Rejane M. N.
245 _aGas exchange and yield of grafted yellow passion fruit under salt stress and plastic mulching
500 _aPublicação on-line; 30 ref.; 4 illus; Sumaries (En, Pt)
520 _a ABSTRACT: Irrigation with saline water is one of the main factors that limit gas exchange and yield of yellow passion fruit in the semi-arid region of Brazil. The use of wild species of Passiflora ssp. tolerant to salinity as a rootstock and the application of mulching with plastic film can attenuate the effects of salt stress. The objective of present study was to evaluate the application of plastic film mulching and irrigation with saline water on the gas exchange and yield of yellow passion fruit grafted on P. cincinnata. The experiment was carried out under field conditions, from September 2019 to February 2021, in a 2 × (2 × 2) factorial scheme, in randomized blocks, in split plots and four replications. The treatments were related to irrigation with low-salinity (0.5 dS m-1) and high-salinity (4.5 dS m-1) water in yellow passion fruit plants, accession ‘Guinezinho’, propagated by seed and grafted on Passiflora cincinnata in the soil without and with plastic mulching. Irrigation with 4.5 dS m-1 water reduced gas exchange and yield of yellow passion fruit, but did not affect plants in the plastic mulched soil. Yellow passion fruit grafted on P. cincinnata showed increases in CO2 assimilation rate, but it was not reflected in fruit yield. For cultivation under high salinity conditions (4.5 dS m-1), it is recommended to use yellow passion fruit propagated by seeds in the soil with plastic film mulching. Key words: Passiflora edulis flavicarpa Deneger, water salinity, grafting, soil protection, physiology
520 _a RESUMO: A irrigação com água salina é um dos principais fatores que limitam as trocas gasosas e a produtividade do maracujazeiro-amarelo no semiárido do Brasil. A utilização de espécie silvestre de Passiflora ssp. tolerante à salinidade como porta-enxerto e a aplicação de mulching com filme plástico podem atenuar os efeitos do estresse salino. O objetivo do presente estudo foi avaliar a aplicação de mulching com filme plástico e a irrigação com água salina sob as trocas gasosas, a eficiência fotossintética e a produtividade do maracujazeiro-amarelo enxertado em P. cincinnata. O experimento foi conduzido em condições de campo, no período de setembro de 2019 a fevereiro de 2021, em esquema fatorial 2 × (2 × 2), em blocos casualizados, em parcelas subdividida e com quatro repetições. Os tratamentos foram referentes à irrigação das plantas com água de baixa salinidade (0,5 dS m-1) e alta salinidade (4,5 dS m-1), maracujazeiro- amarelo acesso ‘Guinezinho’ propagado por semente e enxertado em Passiflora cincinnata no solo sem e com mulching plástico. A irrigação com água de 4,5 dS m-1 reduziu as trocas gasosas, a eficiência fotossintética e a produtividade do maracujazeiro-amarelo, mas não afetou as plantas do solo com mulching plástico. As trocas gasosas do maracujazeiroamarelo enxertado em P. cincinnata apresentou incrementos na taxa de assimilação de CO2 , mas não se refletiu em produtividade de frutos. Para o cultivo em condições de alta salinidade (4,5 dS m-1) da água é recomendado a utilização de maracujazeiro-amarelo propagado por sementes no solo com mulching de filme plástico. Palavras-chave: Passiflora edulis flavicarpa Deneger, salinidade da água, enxertia, proteção do solo, fisiologia
650 _aMARACUJÁ
650 _aIRRIGAÇÃO
650 _aÁGUA SALINA
650 _aENXERTO
650 _aTROCA GASOSA
650 _aFISIOLOGIA VEGETAL
773 0 _03534
_9317827
_dCampina Grande-PB Universidade Federal de Campina Grande. Centro de Ciências e Tecnologia 1997
_o2024-4546
_tRevista Brasileira de Engenharia Agrícola e Ambiental (Brazil)
_x1415-4366
_gv. 26 (11) p. 823-830; (2022)
_wBR2025003538
856 _uhttps://www.scielo.br/j/rbeaa/a/SFGMnsRBMvPsL8PGj4LqTxN/?format=pdf&lang=en
942 _cANA
999 _c337950
_d337950